000 00471nam a22001817a 4500
003 OSt
005 20260402114117.0
008 260402b |||||||| |||| 00| 0 eng d
020 _a9789363982666
040 _cBGL
082 _a954 ELL:H
100 _aElliot H.M
245 _aThe History Of India As Told By Its Own Historians : The Muhammadan Period VOL-3
260 _aNew Delhi
_bNation Press
_c2025
300 _a627p
650 _aHistory
942 _2ddc
_cREF
999 _c44357
_d44357